000 00424nam a22001817a 4500
003 MPLRDC
005 20220104142940.0
008 210129b ||||| |||| 00| 0 eng d
082 _a192.8 CY
100 _a常茵著
245 _a珍贵的启示: 人生成功的钥匙
_c
250 _a再版
260 _a
_b鸿文出版社
_c1974
300 _b
490 _a雄鸡文库
650 _a
942 _cBK
_o192.8 CY
999 _c35182
_d35172